Normal view
MARC view
Entry Topical Term
001 - CONTROL NUMBER
- control field: 52054
003 - CONTROL NUMBER IDENTIFIER
- control field: ARRUPE
005 - DATE AND TIME OF LATEST TRANSACTION
- control field: 20221129092943.0
008 - FIXED-LENGTH DATA ELEMENTS
- fixed length control field: 221129|| aca||aabn | a|a d
040 ## - CATALOGING SOURCE
- Original cataloging agency: ARRUPE
- Transcribing agency: ARRUPE
150 ## - HEADING--TOPICAL TERM
- Topical term or geographic name as entry element: Psychiatrists
- Geographic subdivision: Algeria
- Form subdivision: Biography
670 ## - SOURCE DATA FOUND
- Source citation: Work cat.: (ARRUPE)131589: Gordon, Lewis R. (Lewis Ricardo), 1962- author. 6535, What Fanon said :